Don Segundo Sombra /
Guardado en:
| Autor principal: | |
|---|---|
| Otros Autores: | , , , |
| Formato: | Libro |
| Lenguaje: | Spanish |
| Publicado: |
Madrid :
Fondo de Cultura Económica ; Allca XX ;
1996.
|
| Edición: | 2. edición |
| Colección: | Colección archivos;
2 |
| Materias: | |
| Etiquetas: |
Agregar Etiqueta
Sin Etiquetas, Sea el primero en etiquetar este registro!
|
MARC
| LEADER | 00000cam a2200000 a 4500 | ||
|---|---|---|---|
| 005 | 20150216040435.0 | ||
| 008 | 050825s1996 sp r 00011 spa d | ||
| 020 | |a 8489666016 | ||
| 040 | |a la |c la | ||
| 041 | 0 | |a spa | |
| 082 | 0 | 4 | |a Ar863.4 |b G965d2 |2 20 ed. |
| 100 | 1 | |a Güiraldes, Ricardo |d 1886-1927 | |
| 245 | 1 | 0 | |a Don Segundo Sombra / |c Ricardo Guiraldes ; Paul Verdevoye coordinador. |
| 250 | |a 2. edición |b edición críica / cuidado de la edición Fernando Colla, Sylvie Josserand, Ricardo Navarro. | ||
| 260 | |a Madrid : |b Fondo de Cultura Económica ; Allca XX ; |c 1996. | ||
| 300 | |a lxiii, 538 páginas | ||
| 490 | 1 | |a Colección archivos; |v 2 | |
| 504 | |a Incluye bibliografÍa. | ||
| 600 | 1 | 6 | |a GUIRALDES, RICARDO |d 1886-1927 |x CRITICA E INTERPRETACION |
| 630 | 0 | 0 | |a DON SEGUNDO SOMBRA |x CRITICA E INTERPRETACION |
| 650 | 1 | 4 | |a LITERATURA ARGENTIAN |v NOVELA |x CRITICA E INTERPRETACION |
| 700 | 1 | |a Verdevoye, Paul, |d 1912- | |
| 700 | 1 | |a Colla, Fernando, |d 1935-, |e ed. | |
| 700 | 1 | |a Josserand, Sylvie, |e ed. | |
| 700 | 1 | |a Navarro, Ricardo, |e ed. | |
| 942 | |2 ddc |c BK | ||
| 999 | |c 3908 |d 3908 | ||



